| 000 | nam a22 a 4500 | ||
|---|---|---|---|
| 999 |
_c2261 _d2261 |
||
| 003 | AKMAL | ||
| 005 | 20170515164647.0 | ||
| 008 | 170515t1983 enk 00 eng d | ||
| 020 |
_a0803919123 (pbk.) _a0803919131 |
||
| 082 | 0 | 4 | _a379.154 MEL |
| 090 | 0 | 0 |
_a379.154 _bMEL |
| 100 | 1 |
_aMeltsner, Arnold J. _94765 |
|
| 245 | 1 | 0 |
_aThe policy organization / _cArnold J.Meltsner and Christopher Bellavita |
| 260 |
_aBeverlly Hills : _bSage Pub., _c1983 |
||
| 300 | 0 | 0 |
_a253p. : _bill. ; _c23cm |
| 500 | _aIncludes index | ||
| 504 | _aBibliography: p.[241-248] | ||
| 650 | 0 |
_aState departments of education _xCase studies. _94766 |
|
| 650 | 0 |
_aAcademic achievement _xEvaluation _xCase studies _94767 |
|
| 650 | 0 |
_aPolicy sciences _xCase studies _94768 |
|
| 700 | 1 |
_aBellavita, Christopher _94769 |
|
| 942 |
_2ddc _cBOOK |
||